Pháp luật doanh nghiệp - Quy định và tình huống Sách tham khảo
Trình bày những kiến thức về pháp luật doanh nghiệp, doanh nghiệp tư nhân và hộ kinh doanh, công ty hợp danh, công ty trách nhiệm hữu hạn từ hai thành viên trở lên, công ty trách nhiệm hữu hạn một thành viên và công ty cổ phần...
Na minha lista:
| Autor principal: | |
|---|---|
| Outros Autores: | |
| Formato: | Livro |
| Idioma: | Undetermined |
| Publicado em: |
Tp. Hồ Chí Minh
Đại học Quốc gia Tp. Hồ Chí Minh
2017
|
| Assuntos: | |
| Acesso em linha: | http://lrc.tdmu.edu.vn/opac/search/detail.asp?aID=2&ID=31265 |
| Tags: |
Adicionar Tag
Sem tags, seja o primeiro a adicionar uma tag!
|
| Thư viện lưu trữ: | Trung tâm Học liệu Trường Đại học Thủ Dầu Một |
|---|
| LEADER | 01248nam a2200229Ia 4500 | ||
|---|---|---|---|
| 001 | TDMU_31265 | ||
| 008 | 210410s9999 xx 000 0 und d | ||
| 082 | |a 307.12 | ||
| 090 | |b B510 | ||
| 100 | |a Bùi, Thị Hằng Nga | ||
| 245 | 0 | |a Pháp luật doanh nghiệp - Quy định và tình huống | |
| 245 | 0 | |b Sách tham khảo | |
| 245 | 0 | |c Bùi Thị Hằng Nga (ch.b.), Trương Trọng Hiểu, Giản Thị Lê Na | |
| 260 | |a Tp. Hồ Chí Minh | ||
| 260 | |b Đại học Quốc gia Tp. Hồ Chí Minh | ||
| 260 | |c 2017 | ||
| 300 | |a 256tr. | ||
| 520 | |a Trình bày những kiến thức về pháp luật doanh nghiệp, doanh nghiệp tư nhân và hộ kinh doanh, công ty hợp danh, công ty trách nhiệm hữu hạn từ hai thành viên trở lên, công ty trách nhiệm hữu hạn một thành viên và công ty cổ phần | ||
| 650 | |a Luật doanh nghiệp |x Tình huống |z Việt Nam ; Pháp luật |x Doanh nghiệp |z Việt Nam | ||
| 700 | |a Trương, Trọng Hiểu | ||
| 856 | |u http://lrc.tdmu.edu.vn/opac/search/detail.asp?aID=2&ID=31265 | ||
| 980 | |a Trung tâm Học liệu Trường Đại học Thủ Dầu Một | ||